[Event "Nordisk Senior Mesterskab 2013"]
[Site "Allinge"]
[Date "2013.09.16"]
[Round "9"]
[White "Nielsen, Jens Holm"]
[Black "Berkell, Peder"]
[Result "0-1"]
[WhiteElo "1847"]
[BlackElo "2201"]
[PlyCount "90"]
[EventDate "2013.??.??"]

1. Nc3 c5 2. Nf3 e6 3. d4 cxd4 4. Nxd4 a6 5. g3 Nf6 6. Bg2 Be7 7. O-O O-O 8. e4
d6 9. Qe2 Qb6 10. Nb3 Nc6 11. Be3 Qc7 12. a4 b6 13. f4 Rb8 14. h4 Na5 15. Rad1
Nc4 16. Bc1 b5 17. axb5 axb5 18. Kh2 b4 19. Nb1 Bb7 20. Rfe1 e5 21. N1d2 Nxd2
22. Rxd2 exf4 23. gxf4 d5 24. e5 Ne4 25. Bxe4 dxe4 26. Qg4 e3 27. Rxe3 Rfd8 28.
f5 Rxd2+ 29. Bxd2 Rd8 30. c4 Bf8 31. Rg3 Qxe5 32. c5 Qd5 33. Qd1 Qxf5 34. Qe1
Rd3 35. Bxb4 Rxg3 36. Qxg3 Qc2+ 37. Nd2 Qxb2 38. Bc3 Qb5 39. Bxg7 Qe2+ 40. Kg1
Bxg7 41. Qb8+ Bf8 42. Qxb7 Bxc5+ 43. Kh1 Qd1+ 44. Nf1 Qxf1+ 45. Kh2 Bd6# 0-1

[Event "Nordisk Senior Mesterskab 2013"]
[Site "Allinge"]
[Date "2013.09.16"]
[Round "9"]
[White "Ottesen, Soren Rud"]
[Black "Haagen Larsen, Hans"]
[Result "0-1"]
[WhiteElo "1768"]
[BlackElo "1704"]
[PlyCount "80"]
[EventDate "2013.??.??"]

1. e4 e6 2. d4 d5 3. Nc3 Bb4 4. e5 c5 5. a3 Bxc3+ 6. bxc3 Ne7 7. Qg4 Kf8 8. Nf3
h5 9. Qg5 Nbc6 10. Bd3 c4 11. Be2 Qa5 12. Bd2 Bd7 13. O-O Kg8 14. Nh4 g6 15.
Kh1 Re8 16. g4 hxg4 17. Bxg4 Nf5 18. Bxf5 exf5 19. Nxg6 Rh7 20. Ne7+ Kf8 21.
Qg8+ Kxe7 22. Bg5+ Ke6 23. Qxh7 Ne7 24. Qh6+ Ng6 25. Qg7 Ba4 26. Qf6+ Kd7 27.
Qxf7+ Ne7 28. Bxe7 Rxe7 29. Qxf5+ Kd8 30. Qf8+ Be8 31. Qf6 Qxc3 32. Qd6+ Rd7
33. Qb8+ Ke7 34. Qxa7 Qf3+ 35. Kg1 Kf8 36. Qc5+ Kg8 37. Rfb1 Rf7 38. Qc8 Qxf2+
39. Kh1 Qf3+ 40. Kg1 Rg7+ 0-1

[Event "Nordisk Senior Mesterskab 2013"]
[Site "Allinge"]
[Date "2013.09.16"]
[Round "9"]
[White "Brogaard, Lars"]
[Black "Flodmark, Tarras"]
[Result "0-1"]
[WhiteElo "1567"]
[BlackElo "1900"]
[PlyCount "60"]
[EventDate "2013.??.??"]

1. f4 d5 2. Nf3 c5 3. e3 Nc6 4. Be2 Nf6 5. c3 Qc7 6. d3 e5 7. fxe5 Nxe5 8. Nxe5
Qxe5 9. Qa4+ Bd7 10. Qh4 Be7 11. Qf4 Qe6 12. Na3 Bd6 13. Qf3 O-O 14. Nc2 Qe7
15. Bd2 Rae8 16. h3 Bc6 17. O-O-O b5 18. Rde1 Qb7 19. Na1 Qa6 20. Nb3 Rb8 21.
Kc2 Rfc8 22. Ra1 Qa4 23. Kb1 Bd7 24. g4 Be6 25. Bd1 Qa6 26. Bc2 Qb6 27. g5 Nd7
28. e4 Ne5 29. Qf2 dxe4 30. dxe4 c4 0-1

[Event "Nordisk Senior Mesterskab 2013"]
[Site "Allinge"]
[Date "2013.09.16"]
[Round "9"]
[White "Larsen, Arne Walther"]
[Black "Lykke, Hans Christian"]
[Result "1-0"]
[WhiteElo "1873"]
[BlackElo "1252"]
[PlyCount "47"]
[EventDate "2013.??.??"]

1. Nf3 Nf6 2. c4 c5 3. g3 g6 4. Bg2 Bg7 5. O-O O-O 6. Nc3 Nc6 7. d4 e6 8. dxc5
e5 9. Ng5 Qa5 10. Nge4 Nxe4 11. Nxe4 Ne7 12. Bd2 Qc7 13. b4 f5 14. Nd6 e4 15.
Bg5 Bf6 16. Bh6 Bg7 17. Bxg7 Kxg7 18. Qd4+ Kg8 19. f3 exf3 20. Bxf3 Rb8 21. Qe5
Qd8 22. Nb5 Ra8 23. Nc7 Rb8 24. Ne6 1-0